000 00566nam a2200229Ia 4500
003 OSt
005 20221005122616.0
006 a|||||r|||| 00| 0
007 ta
008 221004b |||||||| |||| 00| 0 mar d
024 _a47701
037 _cTextual
040 _aCRL
_cCRL
_bmar
041 _2mar
_amar
082 _aO155,3M98,11, 31J4
100 _aKandekar
_9632264
245 0 _aKallak kadali
260 _c1965
650 _aGUJRATI FICTION
942 _hO155,3M98,11, 31J4
_cTEXL
_2cc
999 _c1044807
_d1044807